| 000 | 01249cam a22003374a 4500 | ||
|---|---|---|---|
| 001 | 13606570 | ||
| 003 | OSt | ||
| 005 | 20140310184447.0 | ||
| 008 | 040526s2004 nyua j 000 0 eng | ||
| 010 | _a 2004012559 | ||
| 020 | _a0439680549 | ||
| 035 | _a(OCoLC)ocm55588977 | ||
| 040 |
_aDLC _cDLC _dOCLCQ _dBAKER _dVPL _dOCLCQ _dEHH _dDLC |
||
| 042 | _apcc | ||
| 050 | 0 | 0 |
_aGV 1507.P47 _b.M29 2004 |
| 100 | 1 |
_aMarzollo, Jean. _96141 |
|
| 245 | 1 | 0 |
_aI spy a scary monster : _briddles / _cby Jean Marzollo ; photographs by Walter Wick. |
| 260 |
_aNew York : _bScholastic, _cc2004. |
||
| 300 |
_a[30] p. : _bcol. ill. ; _c23 cm. |
||
| 440 | 0 |
_aScholastic reader. _nLevel 1 _927803 |
|
| 520 | _aEasy to read sentences along with pictures to aid reader to find the clues as they play I Spy. | ||
| 521 | _aG1 | ||
| 526 | _c250 | ||
| 650 | 0 |
_aPicture puzzles _vJuvenile literature. _927804 |
|
| 700 | 1 |
_aWick, Walter, _d1953- _eill _927805 |
|
| 856 | 4 | 2 |
_3Publisher description _uhttp://www.loc.gov/catdir/enhancements/fy1115/2004012559-d.html |
| 906 |
_a7 _bcbc _corignew _d1 _eecip _f20 _gy-gencatlg |
||
| 942 |
_2lcc _cBK-SCHOLAS |
||
| 999 |
_c34527 _d34527 |
||